[Event "Charlotte GM-A MLK 2022"]
[Site "Charlotte"]
[Date "2022.01.18"]
[Round "9.2"]
[White "Posthuma, Joshua"]
[Black "Vazquez, Guillermo"]
[Result "1/2-1/2"]
[WhiteElo "2359"]
[BlackElo "2532"]
[Annotator "TA"]
[PlyCount "38"]
[EventDate "2022.01.13"]
[EventType "tourn"]
[EventCountry "USA"]
[SourceTitle "playchess.com"]
[Source "ChessBase"]
[SourceQuality "1"]

{[%evp 9,38,26,25,17,26,36,42,30,21,16,38,22,39,25,46,23,37,0,0,0,0,-7,0,0,0,0,0,0,0,-37,-15]} 1. d4 d5 2. c4 e6 3. Nf3 a6 4. cxd5 exd5 5. Nc3 c6 6. Bf4 {D31: Queen's Gambit Declined: Semi-Slav without ...Nf6 (+ Marshall Gambit and Noteboom) and Exchange Variation lines without ...Nf6.} Bd6 7. Bxd6 Qxd6 8. e3 {White is slightly better.} Ne7 9. Bd3 O-O 10. Qc2 g6 11. O-O Bg4 12. Ne5 Bf5 {[#]} 13. b4 $146 ({Predecessor:} 13. Na4 Bxd3 14. Qxd3 f6 15. Nf3 Nd7 16. Rfe1 Rfe8 17. e4 dxe4 18. Qxe4 Kf7 19. Nc5 {½-½ (28) Fier,A (2561)-Grachev,B (2626) Moscow 2019}) 13... Nd7 14. Nxd7 Qxd7 15. Na4 Bxd3 16. Qxd3 {aiming for Nb6.} Qc7 {Inhibits Nb6.} 17. Nc5 Nf5 18. a4 Nd6 19. f3 Qe7 {Weighted Error Value: White=0.09 (flawless) /Black=0.05 (flawless)} (19... a5 $5 {[%cal Rb7b6]}) 1/2-1/2

[Event "Charlotte GM-A MLK 2022"]
[Site "Charlotte"]
[Date "2022.01.18"]
[Round "9.3"]
[White "Mishra, Abhimanyu"]
[Black "Hilby, Craig"]
[Result "1-0"]
[WhiteElo "2510"]
[BlackElo "2434"]
[Annotator "TA"]
[PlyCount "41"]
[EventDate "2022.01.13"]
[EventType "tourn"]
[EventCountry "USA"]
[SourceTitle "playchess.com"]
[Source "ChessBase"]
[SourceQuality "1"]

{[%evp 14,41,36,28,39,32,31,36,37,28,26,63,58,0,0,0,115,116,167,166,460,468,452,410,607,566,884,884,900,881]} 1. e4 c5 2. Nf3 Nc6 3. Bb5 d6 4. O-O Bd7 5. Re1 a6 6. Bxc6 Bxc6 7. d4 cxd4 8. Nxd4 Rc8 {B51: Sicilian: Moscow Variation (3 Bb5+) without 3...Bd7.} 9. c4 e6 10. Nc3 Bd7 {White is slightly better.} 11. Qd3 {[%cal Od4f5] [#]} Qc7 $146 ({Predecessor:} 11... Nf6 12. b3 Be7 13. Bb2 O-O 14. Rad1 Qc7 15. f4 Rfd8 16. e5 dxe5 17. fxe5 Ne8 {0-1 (48) Rublevsky,S (2686)-Kharlov,A (2604) chessassistantclub.com INT 2004}) 12. b3 {[%cal Od4f5]} b5 {[%cal Bb7b5,Bb5c4][%mdl 32] [#]} 13. Bb2 (13. Nf5 $1 $14) 13... bxc4 $11 14. Qg3 {[%cal Od4f5] Threatens to win with Nf5!} Nf6 {[#]} (14... Ne7 $11 {remains equal.}) 15. Nf5 $1 $16 {[%mdl 64] Deflection. White is much more active.} exf5 (15... g6 $16 {was worth a try.}) 16. Nd5 $18 Qa5 (16... Nxd5 17. exd5+ Be6) 17. Nxf6+ Kd8 18. bxc4 f4 (18... gxf6 $142 19. Bxf6+ Kc7 20. Bxh8 fxe4) 19. Qxf4 {White is clearly winning.} Be7 20. Nxd7 Kxd7 21. e5 {Weighted Error Value: White=0.10 (very precise) /Black=0.81} 1-0

[Event "Charlotte GM-A MLK 2022"]
[Site "Charlotte"]
[Date "2022.01.18"]
[Round "9.4"]
[White "Zhou, Jianchao"]
[Black "Talukdar, Rohan"]
[Result "1/2-1/2"]
[WhiteElo "2617"]
[BlackElo "2329"]
[Annotator "TA"]
[PlyCount "62"]
[EventDate "2022.01.13"]
[EventType "tourn"]
[EventCountry "USA"]
[SourceTitle "playchess.com"]
[Source "ChessBase"]
[SourceQuality "1"]

{[%evp 13,62,16,14,12,17,-9,22,20,29,34,57,52,68,64,52,45,70,33,52,0,0,-35,-23,-31,-27,-25,-26,-33,-10,-43,-35,-101,-33,-29,-29,-27,0,0,0,0,4,3,2,2,3,0,0,0,0,0,8]} 1. d4 Nf6 2. c4 g6 3. Nc3 d5 4. Nf3 Bg7 5. Qb3 dxc4 6. Qxc4 O-O 7. e4 a6 8. Be2 {D97: Grünfeld: Russian System: 7 e4, replies other than 7...Bg4.} b5 $1 9. Qd3 Bb7 (9... c5 $5) 10. e5 $1 Nd5 {[%cal Oc7c5]} 11. O-O Nd7 12. e6 fxe6 13. Ng5 $1 Nxc3 14. bxc3 Rf6 {[#]} 15. Bg4 $146 {White is more active.} ({Predecessor:} 15. Qh3 Nf8 16. a4 Bd5 17. Qg3 Qd6 18. Ba3 Qxg3 19. hxg3 h6 20. Nh3 bxa4 21. Bxe7 {1-0 (70) Ni,H (2662)-Kovchan,A (2554) Biel 2011}) 15... Nf8 {[%cal Oe6e5]} 16. a4 ({Better is} 16. Ne4 $14) 16... e5 $1 $11 ({Don't do} 16... Qd5 17. Bf3 Rxf3 18. Qxf3 $16 (18. Nxf3 e5 $11)) 17. axb5 axb5 18. Rxa8 {Chess con chili.} Bxa8 19. Qxb5 exd4 20. cxd4 h6 {Strongly threatening ...Rb6.} 21. Nh3 Qxd4 22. Qe2 {[#]} (22. Be2 $15) 22... Qe4 (22... h5 $1 $17 {[%cal Rh5g4]} 23. Be3 Qa4) 23. Qxe4 $15 Bxe4 24. Re1 Bf5 (24... Rc6 {seems wilder.} 25. Bd2 Rc4 26. Nf4 Kf7 27. Bd1 Bc2) 25. Bxf5 {The position is equal.} Rxf5 26. Rxe7 Rd5 {[#] ( -> ...Rd1+)} 27. Kf1 Rd1+ 28. Re1 Rxe1+ 29. Kxe1 Ne6 30. Ke2 Kf7 31. Be3 g5 {Weighted Error Value: White=0.13 (very precise) /Black=0.08 (flawless)} 1/2-1/2

[Event "Charlotte GM-A MLK 2022"]
[Site "Charlotte"]
[Date "2022.01.17"]
[Round "9.5"]
[White "Gauri, Shankar"]
[Black "Stremavicius, Titas"]
[Result "1/2-1/2"]
[WhiteElo "2325"]
[BlackElo "2506"]
[Annotator "TA"]
[PlyCount "31"]
[EventDate "2022.01.13"]
[EventType "tourn"]
[EventCountry "USA"]
[SourceTitle "playchess.com"]
[Source "ChessBase"]
[SourceQuality "1"]

{[%evp 14,16,42,35,46]} 1. d4 d6 2. Nf3 g6 3. e4 Nf6 4. Nc3 Bg7 5. Be2 O-O 6. O-O c6 7. a4 a5 8. Re1 Qc7 {[#] B08: Pirc Defence: Classical System.} {Predecessor:} 9. h3 $146 Na6 10. Bf4 Nb4 11. e5 dxe5 12. Bxe5 Qd8 13. Bc4 Bf5 14. Re2 Re8 15. Bb3 Rc8 16. Ng5 {0-1 (70) Nguyen,T (2569)-Deac,B (2625) Chess.com INT 2020} 1/2-1/2